000 00452nam a2200169Ia 4500
008 131103s9999 xx 000 0 und d
040 _aLoreto College
041 _aEnglish
082 _aMIS/MAR
_bLCBED/514
100 _aNarramore, Clyde M.
245 _aHow to tell your children about sex
_cClyde M.Narramore
260 _aMichigan
_bZondervan
_c1976
300 _a97p.
_b pic.
_c 22cm.
650 _aMis
850 _aLCBED/MIS/MAR
942 _cBK
999 _c34324
_d84803